| 000 | 01037nam a2200301 a 4500 | ||
|---|---|---|---|
| 001 | 4026770 | ||
| 003 | OSt | ||
| 005 | 20160226161137.0 | ||
| 008 | 960119s1995 enk b 000 0 eng d | ||
| 010 | _a 97189290 | ||
| 020 | _a1874529558 (pbk.) | ||
| 035 | _a(OCoLC)34053255 | ||
| 040 |
_aUkNcU _cUkNcU _dDLC |
||
| 042 | _alccopycat | ||
| 050 | 0 | 0 |
_aHM24 _b.S549 1995 |
| 082 | 0 | 0 |
_a301 _221 _bSOC 1995 |
| 245 | 0 | 0 |
_aSociological debates : _bthinking about 'the social' / _cedited by Floya Anthias and Michael P. Kelly. |
| 260 |
_aDartford, Kent, U.K. : _bGreenwich University Press, _c1995. |
||
| 300 |
_axvi, 438 p. ; _c25 cm. |
||
| 440 | 0 |
_aGreenwich readers ; _v13 _96846 |
|
| 504 | _aIncludes bibliographical references. | ||
| 650 | 0 |
_aSociology. _92259 |
|
| 700 | 1 |
_aAnthias, Floya, _d1945- _96847 |
|
| 700 | 1 |
_aKelly, Michael P. _96848 |
|
| 906 |
_a7 _bcbc _ccopycat _d2 _encip _f19 _gy-gencatlg |
||
| 942 |
_2ddc _cSLOAN |
||
| 999 |
_c3086 _d3086 |
||